| 000 | 00470nam a2200205Ia 4500 | ||
|---|---|---|---|
| 003 | IT-RoPAU | ||
| 005 | 20220918175645.0 | ||
| 008 | 120407s9999 xx 000 0 und d | ||
| 040 | _aIT-RoPAU | ||
| 040 | _cIT-RoPAU | ||
| 041 | _aita | ||
| 100 |
_aSocietà San Paolo _9274 |
||
| 245 | _aCalendario Paolino 1970 | ||
| 250 | _a1° ed. | ||
| 260 |
_c1969 _aOstia _bSSP |
||
| 300 |
_c15 cm _a189 p. |
||
| 490 | _aEdizioni paoline | ||
| 942 |
_cBK _2ddc |
||
| 999 |
_c23736 _d23736 |
||